000 00581nam a2200205Ia 4500
005 20250923145704.0
008 008 250917s9999 xx 000 0 eng d
037 _aTextual
040 _aDSWL
_beng
_cDSWL
041 _aeng
_2eng
084 _aS8, N68
_qDSWL
245 0 _aSocial perception : The development of interspersions
_cEd. by H.Toch
260 _aNew Delhi
_bJersey D.Van Nostrand
_c1968
300 _ax,245 p.
365 _aUSD
_b2.45
700 _a H.C. Smith
_9837962
925 _g2.45
942 _cTEXL
_hS8, N68
999 _c1454378
_d1454378